000 01153nam a2200229 a 4500
001 21629
003 CO-ViMGA
008 141112s2004 ck r 000 u spa d
020 _a9586167941
040 _aCO-ViMGA
_bspa
_cCO-ViMGA
082 0 4 _a345.05 A483
100 1 _aAgudelo Betancurt, Nodier
_930884
245 1 0 _aLa estructura del delito en el nuevo código penal
260 _aBogotá :
_bUniversidad externado de Colombia,
_c2004
300 _a190
505 _aRepresentación gráfica del esquema del delito en el nuevo código penal 23 - - Ideas fundamentales de la escuela clásica que se concretan en la estructura del delito del nuevo código penal 27 - - Ideas fundamentales de la escuela positivista 37 - - La estructura del delito en l aevolución de la doctrina 75 - - La definición dogmática del delito 187
590 _aForma de adquisición : Donación fact. 8853 - - Precio : 31000 - - Proveedor : Fundación exito - - Fecha de adquisición : Junio 2007
650 1 4 _aCONDUCTA DELICTIVA - LEGISLACION
_930885
650 1 4 _aDELITOS - LEGISLACION - COLOMBIA
_930886
650 1 4 _aDERECHO PENAL - COLOMBIA
942 _2ddc
_cBK
999 _c30200
_d30200